Países que empiezan por M - Estadísticas

Estadísticas generales
  • Esta prueba ha sido intentada 419 veces
  • La puntuación promedio es 13 de 18
Estadísticas de respuestas
Respuesta % Correcto
Mauritania
85%
Madagascar
81%
Malí
79%
México
78%
Moldavia
78%
Macedonia del Norte
75%
Maldivas
72%
Malta
72%
Mongolia
72%
Montenegro
72%
Malasia
71%
Mónaco
71%
Mozambique
68%
Mauricio
66%
Marruecos y el Sáhara Occidental
61%
Myanmar
61%
Malawi
54%
Micronesia (Estados federados)
44%
No se encontraron pruebas coincidentes
Distribución de puntuación
Porcentaje de gente con cada puntuación
Porcentaje por número respondido
Historial de tus puntuaciones
No has intentado esta prueba.